Dianoia

Detalles Bibliográficos
Formato: eBook
Lenguaje:español
Publicado: Mx̌ico UNAM, Instituto de Investigaciones Filosoficas 2015
Materias:
Acceso en línea:Acceso restringido

MARC

LEADER 00000nam a22000007a 4500
005 20160628103541.0
007 cr|||| ||u|
008 160628s2015 mx b|||os|||| 0||||1spa d
022 |a 0185-2450  
035 |a 2964 
040 |a vLex 
090 |c 6218  |d 6218 
245 |a Dianoia   |h [Recurso electrn̤ico] /  |c UNAM, Instituto de Investigaciones Filosoficas 
256 |a Servicio en ln̕ea 
260 |a Mx̌ico  |b UNAM, Instituto de Investigaciones Filosoficas  |c 2015 
300 |a 1 recurso electrn̤ico 
310 |a Bimestral 
506 1 |a Contenido solo disponible en los productos indicados  |d vLex Global  |d vLex Global (Academic Edition, excluding Law Schools)  |d vLex Global (U.S. Academic Edition, Law Schools)  |d vLex Global (U.S. Academic Edition, excluding Law Schools)  |d vLex Global (Academic Edition, Law Schools) 
650 0 4 |a Derecho  |z Mx̌ico 
740 0 |a vLex libros (servicio en ln̕ea) 
856 4 0 |u http://vlex.com/source/dianoia-2964  |z Acceso restringido 
942 |c BOOK